[Event "SLO-chT U16"]
[Site "Murska Sobota"]
[Date "2018.05.11"]
[Round "1"]
[White "Podvrsnik, Luka"]
[Black "Janko, Marko"]
[Result "1/2-1/2"]
[WhiteElo "1799"]
[BlackElo "1518"]
[PlyCount "62"]
[EventDate "2018.05.11"]
[EventType "team-swiss"]
[EventRounds "5"]
[EventCountry "SLO"]
[SourceTitle "EXT 2020"]
[Source "ChessBase"]
[SourceDate "2019.10.17"]
[SourceVersion "1"]
[SourceVersionDate "2019.10.17"]
[SourceQuality "1"]

1. d4 d5 2. Bf4 Nf6 3. Nf3 e6 4. e3 c5 5. c3 Nc6 6. Nbd2 cxd4 7. Nxd4 Nxd4 8. exd4 a6 9. Bd3 Bd6 10. Bg3 0-0 11. 0-0 b5 12. Nf3 Bb7 13. Ne5 Nd7 14. Nxf7 Rxf7 15. Bxd6 Qb6 16. Bg3 Rc8 17. Qd2 Nf6 18. Rfe1 Qc6 19. Rac1 Rcf8 20. f3 Nd7 21. Be5 Nb6 22. f4 Nc4 23. Bxc4 dxc4 24. Re3 Rxf4 25. Bxf4 Rxf4 26. Rg3 Qe4 27. Re1 Qf5 28. Qe2 Re4 29. Re3 Rg4 30. Rg3 Re4 31. Re3 Rg4 1/2-1/2